Airports in Finland - Statistics

General Stats
  • This quiz has been taken 44 times
  • The average score is 17 of 24
Answer Stats
Region Airport % Correct
Uusimaa Helsinki-Vantaa
100%
Lapland Rovaniemi
97%
Pirkanmaa Tampere-Pirkkala
90%
Southwest Finland Turku
87%
North Ostrobothnia Oulu
82%
North Karelia Joensuu
79%
Central Finland Jyväskylä
79%
Satakunta Pori
79%
Ostrobothnia Vaasa
79%
North Savonia Kuopio
74%
South Karelia Lappeenranta
74%
Åland Mariehamn
72%
Kainuu Kajaani
69%
Lapland Kemi-Tornio
69%
Lapland Kittilä
67%
Ostrobothnia Kokkola-Pietarsaari
67%
South Ostrobothnia Seinäjoki
67%
Lapland Ivalo
64%
North Ostrobothnia Kuusamo
64%
South Savonia Mikkeli
62%
South Savonia Savonlinna
49%
Lapland Enontekiö
46%
Kymenlaakso Utti
36%
Central Finland Halli
23%
No matching quizzes found
Score Distribution
Percent of People with Each Score
Percentile by Number Answered
Your Score History
You have not taken this quiz